<?xml version="1.0" encoding="UTF-8"?><?xml-stylesheet type="text/xsl" href="static/style.xsl"?><OAI-PMH xmlns="http://www.openarchives.org/OAI/2.0/" xmlns:xsi="http://www.w3.org/2001/XMLSchema-instance" xsi:schemaLocation="http://www.openarchives.org/OAI/2.0/ http://www.openarchives.org/OAI/2.0/OAI-PMH.xsd"><responseDate>2026-04-13T02:40:21Z</responseDate><request verb="GetRecord" identifier="oai:www.recercat.cat:2445/122428" metadataPrefix="marc">https://recercat.cat/oai/request</request><GetRecord><record><header><identifier>oai:recercat.cat:2445/122428</identifier><datestamp>2025-12-04T20:38:31Z</datestamp><setSpec>com_2072_1057</setSpec><setSpec>col_2072_478800</setSpec><setSpec>col_2072_478860</setSpec><setSpec>col_2072_478917</setSpec></header><metadata><record xmlns="http://www.loc.gov/MARC21/slim" xmlns:dcterms="http://purl.org/dc/terms/" xmlns:xsi="http://www.w3.org/2001/XMLSchema-instance" xmlns:doc="http://www.lyncode.com/xoai" xsi:schemaLocation="http://www.loc.gov/MARC21/slim http://www.loc.gov/standards/marcxml/schema/MARC21slim.xsd">
   <leader>00925njm 22002777a 4500</leader>
   <datafield ind2=" " ind1=" " tag="042">
      <subfield code="a">dc</subfield>
   </datafield>
   <datafield ind2=" " ind1=" " tag="720">
      <subfield code="a">Nuñez, Elaine</subfield>
      <subfield code="e">author</subfield>
   </datafield>
   <datafield ind2=" " ind1=" " tag="720">
      <subfield code="a">Isla Pera, Ma. Pilar (María Pilar)</subfield>
      <subfield code="e">author</subfield>
   </datafield>
   <datafield ind2=" " ind1=" " tag="720">
      <subfield code="a">Olivé Ferrer, M. Carmen</subfield>
      <subfield code="e">author</subfield>
   </datafield>
   <datafield ind2=" " ind1=" " tag="720">
      <subfield code="a">Pascual, A.</subfield>
      <subfield code="e">author</subfield>
   </datafield>
   <datafield ind2=" " ind1=" " tag="720">
      <subfield code="a">Sauló, A.</subfield>
      <subfield code="e">author</subfield>
   </datafield>
   <datafield ind2=" " ind1=" " tag="720">
      <subfield code="a">Sastre, Sergi</subfield>
      <subfield code="e">author</subfield>
   </datafield>
   <datafield ind2=" " ind1=" " tag="720">
      <subfield code="a">Lozano, L. L.</subfield>
      <subfield code="e">author</subfield>
   </datafield>
   <datafield ind2=" " ind1=" " tag="720">
      <subfield code="a">Segur Vilalta, Josep M.</subfield>
      <subfield code="e">author</subfield>
   </datafield>
   <datafield ind2=" " ind1=" " tag="720">
      <subfield code="a">Núñez Juárez, Montserrat</subfield>
      <subfield code="e">author</subfield>
   </datafield>
   <datafield ind2=" " ind1=" " tag="260">
      <subfield code="c">2018-05-17T10:37:18Z</subfield>
   </datafield>
   <datafield ind2=" " ind1=" " tag="260">
      <subfield code="c">2018-05-17T10:37:18Z</subfield>
   </datafield>
   <datafield ind2=" " ind1=" " tag="260">
      <subfield code="c">2014-06-01</subfield>
   </datafield>
   <datafield ind2=" " ind1=" " tag="260">
      <subfield code="c">2018-05-17T10:37:18Z</subfield>
   </datafield>
   <datafield ind2=" " ind1=" " tag="520">
      <subfield code="a">Total knee replacement (TKR) is effective in relieving pain and improving function in patients with severe osteoarthritis (OA) However, studies report that 14-30% of patients are dissatisfied with the result and do not achieve the expected benefits, especially in function. Objectives: To examine the factors influencing decision-making before TKR. Methods: We made a phenomenological study of the determinants that lead patients to accept, delay or reject TKR (this study is part of a larger study). Demographic and clinical data were collected and pain intensity measured by the WOMAC scale. Focus groups were conducted and the results transcribed and analysed using the 4-stage analysis of qualitative data according to Ritchie, Spencer and O'Connor (2003). Results: 12 patients (9 female, mean age 71.58 + 6.02 years, BMI 37.43 + 5.32, mean comorbidities 6.73 + 2.19 and mean WOMAC pain 14.9 + 8.89, function 15.77 + 8.6, total 15. 71 + 8. 22) were included: 6 had received, 4 were waiting for and 2 had rejected TKR. Focus groups identified widespread pain (pain intensity functional limitations), causal beliefs and perceptions (OA a natural process associated with age, obesity, physical work, sport) mood (importance of optimism), professional-user relationship (communication, experience of OA) expectations (need for surgery conditioned by pain, lost function, surgical risks), and social support (promotion of healthy habits and adherence conditioned by family and social support) as factors influencing attitudes to undergoing TKR. Conclusions: The process of deciding to undergo TKR is complex and influenced by multiple factors. TKR improves a small proportion of an aging painful body. Our results suggest the need of care before and after TKR, psychosocial support and preventive and educational programmes. References: Ritchie J, Spencer L, O'Connor W. Carrying out qualitative analysis. In Ritchie J. and Lewis J. (eds.) guide for social science students and researchers Oaks; New Delhi. Qualitative research practice: A. Sage: London; Thousand; 2003 Disclosure of Interest: None declared</subfield>
   </datafield>
   <datafield tag="653" ind2=" " ind1=" ">
      <subfield code="a">Artroplàstia</subfield>
   </datafield>
   <datafield tag="653" ind2=" " ind1=" ">
      <subfield code="a">Articulació del genoll</subfield>
   </datafield>
   <datafield tag="653" ind2=" " ind1=" ">
      <subfield code="a">Estudi de casos</subfield>
   </datafield>
   <datafield tag="653" ind2=" " ind1=" ">
      <subfield code="a">Arthroplasty</subfield>
   </datafield>
   <datafield tag="653" ind2=" " ind1=" ">
      <subfield code="a">Patellofemoral joint</subfield>
   </datafield>
   <datafield tag="653" ind2=" " ind1=" ">
      <subfield code="a">Case studies</subfield>
   </datafield>
   <datafield ind2="0" ind1="0" tag="245">
      <subfield code="a">Total knee replacement from the patient's perspective. A qualitative study</subfield>
   </datafield>
</record></metadata></record></GetRecord></OAI-PMH>